000 00873nam a2200205Ii 4500
003 JO-AjNU
008 230605s9999||||xx |||||||||||||| ||und||
040 _aJO-AjNU
_bara
_erda
_cJO-AjNU
041 _aara
050 1 4 _aKRM641.A387.1986
100 3 _a أبو السعود، رمضان ,
_eauthor
_947194
245 0 0 _aالوسيط في الحقوق العينية الأصلية : الجزء الاول في مصادر الحقوق العينية الأصلية في القانون المصري واللبناني، ج1
250 _a(د،ط)
264 3 1 _aالاسكندرية : الدار الجامعية ، 1986
300 _aج1، 782ص
336 _atext
_btxt
_2rdacontent
337 _aunmediated
_bn
_2rdamedia
338 _avolume
_bnc
_2rdacarrier
650 4 _aالحقوق العينية الأصلية -- قوانين وتشريعات -- مصر.
_947195
999 _aA20585
_c24153
_d24153